An account of the European settlements in America : in six parts : I. a short history of the discovery of that part of the world, II. the manners and customs of the original inhabitants, III. of the Spanish settlements, IV. of the Portuguese, V. of the French, Dutch, and Danish, VI. of the English.

Bibliographic Details
Main Author: Burke, Edmund, 1729-1797
Format: eBook
Language:English
Edition:6th ed., with improvements.
Series:Making of the modern world (Goldsmiths'-Kress Library of Economic Literature)
Subjects:
Online Access:Connect to the full text of this electronic book

MARC

Tag First Indicator Second Indicator Subfields
LEADER 00000cam a2200000Ia 4500
001 in00002322158
005 20190326204242.0
006 m | d |
007 cr |n||||||||n
008 910809s1777 enkb s 000 0 eng d
040 |a NYG  |c GKS  |d OCL  |d Thomson Gale  |d UtOrBLW 
043 |a n------  |a s------ 
100 1 |a Burke, Edmund,  |d 1729-1797. 
245 1 3 |a An account of the European settlements in America :  |b in six parts : I. a short history of the discovery of that part of the world, II. the manners and customs of the original inhabitants, III. of the Spanish settlements, IV. of the Portuguese, V. of the French, Dutch, and Danish, VI. of the English. 
250 |a 6th ed., with improvements. 
264 3 |a London :  |b Printed for J. Dodsley,  |c 1777. 
300 |a 2 volumes :  |b maps. 
336 |a text  |b txt  |2 rdacontent 
337 |a computer  |b c  |2 rdamedia 
338 |a online resource  |b cr  |2 rdacarrier 
500 |a "Each part contains an accurate description of the settlements in it, their extent, climate, productions, trade, genius and disposition of their inhabitants, the interests of the several powers of Europe with respect to those settlements, and their political and commercial views with regard to each other" 
500 |a Attributed to Edmund Burke.--NUC pre-1956. 
500 |a Filmed from the copy at Sterling Memorial Library; copy imperfect: maps lacking. 
500 |a Reproduction of original from Sterling Memorial Library, Yale University. 
500 |a Goldsmiths'-Kress number 11595.1-1. 
510 4 |a OCLC,  |c 24206764 
533 |a Electronic reproduction.  |b Farmington Hills, Mich. :  |c Thomson Gale,  |d 2005.  |f (The making of the modern world).  |n Available via the World Wide Web.  |n Access limited to licensing agreements.  |7 s2005 miunns 
500 |a Electronic resource. 
651 0 |a America  |x Discovery and exploration. 
651 0 |a America  |x Description and travel. 
650 0 |a Colonies  |z America. 
655 0 |a Electronic books. 
830 0 |a Making of the modern world (Goldsmiths'-Kress Library of Economic Literature) 
856 4 0 |u http://proxy.library.tamu.edu/login?url=http://galenet.galegroup.com/servlet/MOME?af=RN&ae=U103726488&srchtp=a&ste=14&locID=txshracd2898  |z Connect to the full text of this electronic book  |t 0 
999 |a MARS 
999 f f |s 405c8c6e-02f5-38a3-b579-8d816cc7f109  |i 6de6a85d-a4f9-31e3-bfcd-6d18a0eefbfe  |t 0 
952 f f |a Texas A&M University  |b College Station  |c Electronic Resources  |d Available Online  |t 0  |h No information provided 
998 f f |t 0  |l Available Online